| 000 | 01139nam a2200241 i 4500 | ||
|---|---|---|---|
| 001 | 162584 | ||
| 003 | ES-MaACL | ||
| 005 | 20230906212547.0 | ||
| 008 | 991104s1898 sp ab |||| |dspa d | ||
| 040 |
_aCCPB | B _bspa _cCCPB | B |
||
| 080 | _a929 Primo de Rivera y Sobremonte, Fernando, Marqués de Estella | ||
| 080 | _a94(599)"1898" | ||
| 100 | 1 |
_aPrimo de Rivera y Sobremonte, Fernando, _cMarqués de Estella, _d1831-1921 _993972 |
|
| 245 | 1 | 0 |
_aMemoria dirigida al senado por el Capitán General Fernando Primo de Rivera y Sobremonte acerca de su gestión en Filipinas _b: agosto de 1898 / _cpor Fernando Primo de Rivera y Sobremonte. |
| 260 |
_aMadrid : _b[s.n.], _c1898 ( _fImp. y Litografía del Depósito de la Guerra) |
||
| 300 |
_a196 p., [1] h. pleg. de mapa ; _c20 cm. |
||
| 530 | _aDisponible en formato digital. | ||
| 599 | _aLa h. pleg. es un mapa de Filipinas. | ||
| 651 | 4 |
_aFilipinas- _xHistoria- _y1896-1898, Insurrección. _9155351 |
|
| 852 |
_aES-MaACL _jF-14301 _z-- Enc. hol. |
||
| 856 |
_uhttp://bdh-rd.bne.es/viewer.vm?id=0000056155&page=1| _zBiblioteca Digital Hispánica |
||
| 999 |
_c162584 _d162584 |
||